000 00631nam a2200205Ii 4500
003 JO-AjNU
008 230605s9999||||xx |||||||||||||| ||und||
017 _a74/3195
040 _aJO-AjNU
_bara
_erda
_cJO-AjNU
041 _aara
050 1 4 _aRC372 1974
100 3 _aبرادة ، هدى عبدالحميد,
_eauthor
_915144
245 0 0 _aالصرع دراسة وحالات
264 3 1 _aالقاهرة:عالم الكتب ، 1974
300 _a126ص
336 _atext
_btxt
_2rdacontent
337 _aunmediated
_bn
_2rdamedia
338 _avolume
_bnc
_2rdacarrier
650 4 _aالصرع -الجهاز العصبي
_915145
999 _aA4208
_c7776
_d7776